000 00603nam a2200229Ia 4500
003 OSt
005 20221005113706.0
006 a|||||r|||| 00| 0
007 ta
008 221004b |||||||| |||| 00| 0 eng d
024 _a34592
037 _cTextual
040 _aCRL
_cCRL
_beng
041 _2eng
_aeng
082 _aO111,1K31,1, K1
100 _aDryden John
245 0 _aAbsalom and achitophel ed by James Kinsley and Helen Kinsley
260 _c1961
650 _aDRYDEN, JOHN
_9602592
942 _hO111,1K31,1, K1
_cTEXL
_2cc
999 _c1028933
_d1028933